Report of the Committee on Independent Constitutional Bodies on the 2025 Annul Budget Estimates of the Ghana Audit Service (Record no. 5961)

MARC details
000 -LEADER
fixed length control field 00604nam a22001577a 4500
003 - CONTROL NUMBER IDENTIFIER
control field OSt
005 - DATE AND TIME OF LATEST TRANSACTION
control field 20260409140221.0
008 - FIXED-LENGTH DATA ELEMENTS--GENERAL INFORMATION
fixed length control field 260409b |||||||| |||| 00| 0 eng d
041 ## - LANGUAGE CODE
Language code of text/sound track or separate title English
082 ## - DEWEY DECIMAL CLASSIFICATION NUMBER
Classification number CR/GAS/25 Acc No. 13,012
245 ## - TITLE STATEMENT
Title Report of the Committee on Independent Constitutional Bodies on the 2025 Annul Budget Estimates of the Ghana Audit Service
260 ## - PUBLICATION, DISTRIBUTION, ETC.
Place of publication, distribution, etc. Accra:
Name of publisher, distributor, etc. Parliament of Ghana,
Date of publication, distribution, etc. 2025.
300 ## - PHYSICAL DESCRIPTION
Extent 17p.:
653 ## - INDEX TERM--UNCONTROLLED
Uncontrolled term Report of the Committee on Independent Constitutional Bodies on the 2025 Annul Budget Estimates of the Ghana Audit Service
942 ## - ADDED ENTRY ELEMENTS (KOHA)
Source of classification or shelving scheme Dewey Decimal Classification
Koha item type Committee Reports
Suppress in OPAC No
Holdings
Withdrawn status Lost status Source of classification or shelving scheme Damaged status Not for loan Home library Current library Shelving location Date acquired Total checkouts Full call number Date last seen Copy number Price effective from Koha item type
    Dewey Decimal Classification     Main Library Main Library Open Shelves 09/04/2026   Acc No. 13,012 09/04/2026 C1 09/04/2026 Committee Reports
    Dewey Decimal Classification     Main Library Main Library Open Shelves 09/04/2026   Acc No. 13,013 09/04/2026   09/04/2026 Committee Reports
©2026  Parliament of Ghana Library - All rights reserved